Normal view
MARC view
- Miller R. & Miller M.R
Entry Personal Name
001 - CONTROL NUMBER
- control field: 189872
003 - CONTROL NUMBER IDENTIFIER
- control field: OSt
005 - DATE AND TIME OF LATEST TRANSACTION
- control field: 20230714212700.0
008 - FIXED-LENGTH DATA ELEMENTS
- fixed length control field: 230714|| aca||aabn | a|a d
040 ## - CATALOGING SOURCE
- Original cataloging agency: OSt
- Transcribing agency: OSt
100 ## - HEADING--PERSONAL NAME
- Personal name: Miller R. & Miller M.R
670 ## - SOURCE DATA FOUND
- Source citation: Work cat.: (OSt)194000: Miller R., Machine Shop Tools and Operations